Discursos : (Record no. 1564)
[ view plain ]
| 000 -LÍDER | |
|---|---|
| Campo Fixo de Controle | 00892nam a2200229 a 4500 |
| 001 - NÚMERO DE CONTROLE | |
| Campo de Controle | 1564 |
| 003 - IDENTIFICAÇÃO DO NÚMERO DE CONTROLE | |
| Campo de Controle | BR-CuiBMT |
| 005 - DATA E HORA DA ÚLTIMA ATUALIZAÇÃO | |
| Campo de Controle | 20231215194740.0 |
| 008 - DADOS FIXOS | |
| Dados Fixos | 231215s2018 mtba 000 0 por d |
| 040 ## - AGÊNCIA CATALOGADORA | |
| Código da Agência Catalogadora | BR-CuiBMT |
| Agência que transcreveu o registro | BR-CuiBMT |
| 080 ## - Nº DA CLASSIFICAÇÃO DECIMAL UNIVERSAL | |
| Nº edição CDU | 2007 |
| Nº Class. CDU | 328 |
| Subd. Auxiliar Comum | (817.2) |
| -- | (042.5) |
| 090 ## - NÚMERO DE CHAMADA | |
| Nº classificação | 328(817.2)(042.5) |
| Cutter | A844d |
| 110 1# - ENTRADA PRINCIPAL -- ENTIDADE | |
| Nome da entidade ou lugar | Assembleia Legislativa do Estado de Mato Grosso |
| 245 ## - TÍTULO PRINCIPAL | |
| Título principal | Discursos : |
| Subtítulo | posse dos presidentes da assembleia legislativa e governadores do estado de Mato Grosso : revista do parlamento de Mato Grosso |
| Indicação de responsabilidade | Assembleia legislativa de Mato Grosso |
| 260 ## - PUBLICAÇÃO, DISTRIBUIÇÃO, ETC. | |
| Local de publicação | Cuiabá : |
| Editora | Assembleia legislativa de Mato Grosso , |
| Data | 2018. |
| 300 ## - DESCRIÇÃO FÍSICA | |
| N. páginas ou volumes | 252 p.: |
| Ilustrações | il. |
| Dimensões | 30 cm |
| 500 ## - NOTAS GERAIS | |
| Notas gerais | Edição revista e atualizada 2018 |
| 504 ## - NOTA DE BIBLIOGRAFIA, ETC. | |
| Nota de bibliografia | Inclui bibliografia. |
| 650 ## - ASSUNTO TÓPICO | |
| Cabeçalho tópico ou nome geográfico | Assembleia legislativa |
| Subdivisão geográfica | Mato Grosso |
| 650 ## - ASSUNTO TÓPICO | |
| Cabeçalho tópico ou nome geográfico | Discursos |
| Subdivisão geral | Assembleia legislativa |
| Subdivisão geográfica | Mato Grosso |
| 942 ## - ELEMENTOS DE ENTRADA ADICIONAIS (KOHA) | |
| Fonte de classificação ou esquema de arquivamento | Classificação Decimal Universal |
| Tipo de item do Koha | Livros |
| Estado: removido | Estado: perdido | Fonte de classificação ou esquema de arquivamento | Estado: danificado | Indisponível para empréstimo | Localização permanente | Localização atual | Data de aquisição | Total Checkouts | Número de Chamada completo | Código de barras | Date last seen | Número do exemplar | Preço efetivo a partir de | Tipo de item (Koha) |
|---|---|---|---|---|---|---|---|---|---|---|---|---|---|---|
| Classificação Decimal Universal | Biblioteca da Escola Superior de Contas do TCE/MT | Biblioteca da Escola Superior de Contas do TCE/MT | 15/12/2023 | 328(817.2)(042.5) A844d | BIBTCEMT23120569 | 15/12/2023 | Ex. 1 | 15/12/2023 | Livros |